000 00539nam a2200217 a 4500
001 BRL_601
005 20190320210821.0
008 100913s1953----nyu#######---#000-1#eng-#
020 _a0671830546
041 _aeng
044 _anyu
050 4 _aPZ3
_b.C47 1953
100 1 _aChristie, Agatha
_d1890-1976
_924405
245 1 0 _aA Pocket Full of Rye
_cAgatha Christie
260 _aNew York
_bPocket Books
_c1953
300 _a239 p.
_c18 cm.
500 _aAu656
650 1 4 _aNovela policiaca
_923905
902 _aGRL
942 _2lcc
_cB
999 _c9413
_d9413